Organisational Development and Transformation (Record no. 3930)

MARC details
000 -LEADER
fixed length control field 00430nam a22001697a 4500
005 - DATE AND TIME OF LATEST TRANSACTION
control field 20180726142734.0
008 - FIXED-LENGTH DATA ELEMENTS--GENERAL INFORMATION
fixed length control field 160625b xxu||||| |||| 00| 0 eng d
020 ## - INTERNATIONAL STANDARD BOOK NUMBER
ISBN 978-0-07-060394-3
041 ## - LANGUAGE CODE
Language code of text/sound track or separate title eng
082 ## - DEWEY DECIMAL CLASSIFICATION NUMBER
Item number 9978
Classification number 658.3
100 ## - MAIN ENTRY--AUTHOR NAME
Personal name French. Wendell L and others
245 ## - TITLE STATEMENT
Title Organisational Development and Transformation
260 ## - PUBLICATION, DISTRIBUTION, ETC. (IMPRINT)
Name of publisher TMH
Place of publication delhi
300 ## - PHYSICAL DESCRIPTION
Number of Pages 493p,
650 ## - SUBJECT ADDED ENTRY--TOPICAL TERM
Topical Term Management
942 ## - ADDED ENTRY ELEMENTS (KOHA)
Koha item type Books
Holdings
Lost status Damaged status Collection code Home library Current library Shelving location Date acquired Full call number Accession Number Koha item type
    MANAGEMENT JRU Library JRU Library SHELF-65-A 25/06/2016 658.3 9978 Books